000 00712nam a2200229 4500
003 OSt
005 20260530113842.0
008 260421b1950 xxua|||| |||| 00| 0 eng d
040 _aICI
_bspa
_cICI
050 _aNK1510
_bK34
100 1 _aKaufmann, Edgar,
_d1910-1989,
_930365
245 1 0 _aWhat is modern design? /
_cby Edgar Kaufmann
264 1 _bMuseum of Modern Art,
_c[1950]
_aNew York :
300 _a30 páginas
_bilustraciones
_c25cm.
336 _atexto
_2rdacontent
337 _asin medio
_2rdamedia
338 _avolumen
_2rdacarrier
490 0 _aIntroductory series to the modern arts,
_v3
500 _aLibro Histórico muy especial
650 0 _aDiseño industrial
_915218
942 _2lcc
_cBK
999 _c11169
_d11169